Historical and Multidisciplinary Perspectives on Hope (Record no. 32349)

MARC details
000 -LEADER
fixed length control field 00921nam a2200121Ia 4500
008 - FIXED-LENGTH DATA ELEMENTS--GENERAL INFORMATION
fixed length control field 220620s9999||||xx |||||||||||||| ||und||
245 #0 - TITLE STATEMENT
Title Historical and Multidisciplinary Perspectives on Hope
546 ## - LANGUAGE NOTE
Language note English[eng]
650 ## - SUBJECT ADDED ENTRY--TOPICAL TERM
Topical term or geographic name entry element Positive Psychology||Moral Philosophy||Sociology of Religion||Christian Theology||Heterodox Economics||Moral Philosophy and Applied Ethics||Hope Theory||Hope Theory and Positive Psychology||Hope and Human Economic Behaviour||Cognitive Psychology||Philosophy and Theology of Hope||Hope Development in Western Countries||Hope Research||Hope and Health Studies||Open Access||Positive psychology||Ethics & moral philosophy||Religion & beliefs||Sociology & anthropology||Christianity||Theology||Economic theory & philosophy
700 ## - ADDED ENTRY--PERSONAL NAME
Personal name van den Heuvel, Steven C.
856 ## - ELECTRONIC LOCATION AND ACCESS
Uniform Resource Identifier <a href="https://library.oapen.org/bitstream/20.500.12657/41283/1/2020_Book_HistoricalAndMultidisciplinary.pdf">https://library.oapen.org/bitstream/20.500.12657/41283/1/2020_Book_HistoricalAndMultidisciplinary.pdf</a>
942 ## - ADDED ENTRY ELEMENTS (KOHA)
Koha item type E-Books
Holdings
Withdrawn status Lost status Damaged status Not for loan Home library Current library Date acquired Total Checkouts Date last seen Price effective from Koha item type
        Kerala University of Digital Sciences, Innovation and Technology Knowledge Centre Kerala University of Digital Sciences, Innovation and Technology Knowledge Centre 20/06/2022   20/06/2022 20/06/2022 E-Books